[Event "EU-ch 11th"]
[Site "Rijeka"]
[Date "2010.03.17"]
[Round "11"]
[White "Pavasovic, Dusko"]
[Black "Durarbayli, Vasif"]
[Result "1-0"]
[WhiteElo "2579"]
[BlackElo "2476"]
[Annotator "Mikhalchishin,A"]
[PlyCount "56"]
[EventDate "2010.03.06"]
[EventType "swiss"]
[EventRounds "11"]
[EventCountry "CRO"]
[SourceTitle "CBM 136"]
[Source "ChessBase"]
[SourceDate "2010.05.18"]
[SourceVersion "1"]
[SourceVersionDate "2010.05.18"]
[SourceQuality "1"]

1. e4 c5 2. c3 g6 {A very dangerous choice against the world's top specialist
in the Alapin.} 3. d4 cxd4 4. cxd4 d5 5. e5 ({A few years ago the top
specialist believed in another weapon, but practice did not reward him at all:
} 5. Nc3 dxe4 6. Bc4 {Gambit style play, but Black has sufficient counterplay}
Nf6 ({Possible is} 6... Nc6 7. Nge2 Nf6 8. Qb3 e6 9. d5 exd5 10. Nxd5 Be6 11.
Nxf6+ Qxf6 12. O-O Bxc4 13. Qxc4 Bg7 14. Qxe4+ Qe5 15. Qxe5+ Nxe5 16. Rd1 O-O
17. Be3 Nc4 {Black has no problem.} 18. Bd4 Rfe8 19. Bxg7 Kxg7 20. Ng3 Nxb2 21.
Rdb1 Na4 22. Rxb7 Nc5 {1/2 Pavasovic,D (2593)-Fercec,N (2504)/Rijeka 2005/CBM
107}) 7. Qb3 e6 8. d5 Qb6 $1 9. Bb5+ Bd7 10. Be3 Bc5 11. Bxc5 Qxc5 12. dxe6
fxe6 13. Qxe6+ Qe7 14. Qb3 (14. Qc4 {was stronger, but not sufficient for an
advantage. After the move in the game, Black takes the initiative.}) 14... a6
15. Bxd7+ Nbxd7 16. O-O-O Nc5 17. Qc2 O-O 18. f3 Rac8 19. Kb1 b5 20. Nh3 exf3
21. gxf3 Qe3 22. Qg2 Nd3 23. Qd2 Qxd2 24. Rxd2 Ne5 25. f4 Nc4 26. Rd4 Rfe8 27.
f5 gxf5 28. Rg1+ Kf8 29. Nf4 Kf7 30. b3 Ne5 31. Rg3 Ng6 32. Ncd5 Nxd5 33. Rxd5
Re1+ 34. Kb2 Ne7 {with good winning chances.}) 5... Nc6 6. Nc3 Bg7 7. h3 ({
Before Pavasovic tried a more ambitious continuation, but without spectacular
success:} 7. Bb5 f6 8. exf6 exf6 9. Nge2 Be6 10. Nf4 Bf7 11. O-O Nge7 12. Bxc6+
bxc6 13. Na4 O-O 14. Nc5 Qc8 15. Re1 Re8 16. Qd3 g5 17. Ne2 Bg6 18. Qc3 Nf5 19.
Bd2 Nd6 20. Be3 Ne4 21. Nxe4 Rxe4 22. Rac1 Re6 23. Qd2 Qa6 24. Nc3 Rae8 25. f3
h6 26. Bf2 f5 27. Rxe6 Rxe6 28. Re1 Rxe1+ 29. Qxe1 Kf7 30. f4 Qc4 31. Qd2 Bf6 {
and White cannot exploit the weakness of the c6-pawn and the c5-square.} 32. b3
{1/2 Pavasovic,D (2581)-Zelcic,R (2554)/Solin/Spilt 2002/CBM 093 (46)}) 7... f6
8. f4 {Of course, the principled decision is to keep fighting in the centre,
as there are no serious reasons to give it up.} (8. exf6 exf6 9. Nf3 Nge7 10.
Be2 O-O 11. O-O g5 12. Re1 Bf5 13. Be3 Bg6 14. Rc1 Qd7 15. h4 h6 16. hxg5 fxg5
17. Nh2 Kh8 18. Bf3 Rad8 19. Nf1 Nf5 20. Bg4 Qf7 21. Bxf5 Bxf5 22. Ng3 Bg6 {
and Black is even attacking the centre more directly.}) 8... Nh6 9. g4 O-O 10.
Bg2 e6 $146 ({The correct decision in principle was to try to create direct
counterplay:} 10... fxe5 11. fxe5 e6 12. Nf3 Nf7 ({Weaker was} 12... Bd7 13.
Be3 Rc8 14. Qd2 Nf7 15. O-O Na5 16. b3 Qb6 17. h4 $1 {starting a typical
attack and the opponent has no good counterattack after it.} Rc7 18. Rac1 Rfc8
19. h5 gxh5 20. gxh5 Be8 21. Bh3 Qc6 22. h6 Bf8 23. Kh1 Nd8 24. Nh4 Bg6 25.
Nxg6 hxg6 26. Ne2 Qb5 27. h7+ {Pavasovic,D (2597)-Lie,K (2526)/Dresden 2008/
CBM 128/1-0 (35)}) 13. O-O b5 $1 {Direct counterattack on the queen side.} 14.
Be3 Bd7 $6 (14... Ba6 {was correct with sufficient counterplay.}) 15. Qd2 b4
16. Ne2 Qb6 17. Kh1 b3 (17... Rac8 18. b3 Nb8 19. Rfc1 Bb5 {was much better.})
18. axb3 Qxb3 19. Nc1 Qb6 20. Nd3 Rfb8 21. Nc5 Bc8 22. b3 Bf8 23. Qf2 Bxc5 24.
dxc5 Qc7 25. Ng5 {Goodger,M (2147)-Indrebo,K/Caleta 2010/CBM 134 Extra/1-0 (31)
}) 11. Nf3 Nf7 12. O-O g5 $6 {It looks logical to destroy the opponent's
centre, but Black's pieces are not active enough to do it successfully.} ({
Much better was a typical French plan of counterplay on the queen side:} 12...
Qb6 13. Na4 Qc7 14. Be3 b6 15. Rc1 Ba6 16. Rf2 Rac8) 13. exf6 ({Another good
option was} 13. Ne2 gxf4 14. exf6 Bxf6 15. Bxf4 Qb6 16. Qd2 e5 17. Be3 e4 18.
Ne5 {with better play.}) 13... Bxf6 14. fxg5 ({Here it was possible to
transpose to the previous variation:} 14. Ne2) 14... Nxg5 15. Nxg5 {Direct
exchanges allow White to develop all his pieces easily.} ({There was another
slightly unnatural possibility:} 15. Be3 Nxf3+ 16. Rxf3 Bd7) 15... Bxg5 16.
Rxf8+ Kxf8 17. Qf3+ Kg7 18. Bxg5 Qxg5 19. Rf1 {Now Black has to be very
carefull, as the opponent has mobilisised all his pieces.} Qe7 20. Qe3 ({
A very interesting possibility was a tactical transition into a sharp endgame:
} 20. Qf4 Bd7 21. Bxd5 $1 exd5 22. Nxd5 Rf8 (22... Qe2 23. Qf7+ Kh8 24. Qxd7
Qxb2 25. Nc7 Rg8 26. Ne6 $16) 23. Nxe7 Rxf4 24. Rxf4 Nxe7 25. Re4 Kf6 26. a3 b6
27. Kf2 h6 28. Rf4+ Kg7 29. Kg3 {and Black has typical problems defending an
ending with rook plus 2 pawns against two pieces.}) 20... Bd7 21. b4 $1 {
A very interesting positional idea - with this flank break White tries to
deflect his opponent's knight which is controlling the important central
e5-square.} a6 22. a4 ({The more timid approach} 22. a3 Rf8 23. Rxf8 Qxf8 24.
Ne2 h6 25. Nf4 {guaranteed White a stable advantage.}) 22... Qxb4 $2 {A very
nervous decision, losing on the spot.} ({Much more stubborn was} 22... Rf8 23.
Rxf8 Qxf8 24. b5 Nb4 25. Bf1 {with a slight white advantage.}) 23. Qg5+ Kh8 24.
Qf6+ Kg8 25. Nxd5 $1 {It is this blow, which was not evaluated properly by the
young Azerbaijani.} Qxd4+ (25... Qf8 26. Qg5+ Qg7 27. Nf6+ {was losing the
bishop - as in the game.}) 26. Qxd4 Nxd4 27. Nf6+ Kg7 28. Nxd7 Rd8 1-0

[Event "Beersheba weekend op"]
[Site "Beersheba"]
[Date "2003.02.08"]
[Round "5"]
[White "Erenburg, Sergey"]
[Black "Mikhalevski, Victor"]
[Result "1/2-1/2"]
[WhiteElo "2503"]
[BlackElo "2536"]
[Annotator "Mikhalevski,V"]
[PlyCount "71"]
[EventDate "2003.02.06"]
[EventType "swiss"]
[EventRounds "5"]
[EventCountry "ISR"]
[SourceTitle "CBM 094"]
[Source "ChessBase"]
[SourceDate "2003.05.26"]
[SourceVersion "1"]
[SourceVersionDate "2003.05.26"]
[SourceQuality "1"]

1. e4 c5 2. c3 Nf6 3. e5 Nd5 4. d4 cxd4 5. Nf3 Nc6 6. Bc4 Nb6 7. Bb3 d5 8. exd6
Qxd6 9. O-O Be6 10. Bxe6 Qxe6 11. Nxd4 Nxd4 12. Qxd4 Rd8 13. Qh4 Qc6 {A
relatively rare move aimed to finish development in a standard way: e6; Be7
and so on.} (13... Qe2 {is the main move in the position which usually leads
to unbalanced positions.}) (13... h5) ({and} 13... Qc4 {are two other ways to
avoid the main lines.}) 14. Re1 {The most logical move. White leaves his
dark-squared bishop open in order to meet 14...e6 with 15. Bg5.} (14. Nd2) ({
and} 14. Be3 {also were tested by white.}) 14... f6 $5 {[%cal Ge7e5] Playing
Sergey for the first time several years ago I was thinking about this move in
a similar position during the game. That time I decided to play the standard
14...e6. This time I decided to surprise my young opponent. The idea of this
move is pretty simple. I want to play e5 and then to finish development by
means of Be7 and 0-0. At the same time I have been preventing Bg5 which is
possible after 14...e6.} ({Here are three examples:} 14... e6 15. Bg5 Rd5 ({
Doesn't work} 15... f6 $2 16. Bxf6 $1 gxf6 $140 17. Qxf6 {[%csl Re6,Rh8]}) 16.
Nd2 Nc8 $5 (16... f6 17. Bxf6 $6 (17. Be3 $142) 17... Rxd2 18. Qh5+ g6 $2 {
Tactical blunder.} ({It was necessary to play} 18... Kd7 $1 {[]} 19. Qf7+ Kc8
20. Rxe6 Bd6 {and Black should've been better.} (20... Qd7 $5 21. Re8+ Kc7 22.
Be5+ Kc6 23. Re6+ Kb5 {and black seems to survive.})) 19. Qh3 $1 $18 {1-0
Mihailidis,A-Sideris,T/Korinthos 2002/CBM 89 ext (43)}) (16... h6 17. Be3 Bc5
$1 18. Ne4 Bxe3 19. Rxe3 O-O $2 {After this inaccurate move White develops an
unplesant initiative:} (19... Nc4 $1) 20. Rg3 Kh8 21. Qg4 g5 22. h4 $5 f6 (
22... f5 23. Qh5 $40) 23. Re1 $40 {1-0 Sveshnikov,E-Szekely,P/Leningrad 1984/
EXT 99 (31)}) 17. c4 Rd7 18. Nf3 Bd6 19. Nd4 (19. c5 $1 {was worth trying} Bc7
20. b4 O-O 21. Rad1 $14) 19... Qc5 20. Rad1 O-O 21. Nb3 (21. Nb5 $5) 21... Qc7
$11 {1/2-1/2 Borg,G-Raphael,J/Dubai 1986/TD (28)}) 15. Nd2 {The most logical
reaction. White brings the knight into play.} e5 16. Nf3 Be7 $5 {[%cal Ge8g8]
It wasn't easy to choose the right square for the bishop. After both Be7 and
Bc5 White can provoke g6 playing Qh5+ which allows him to weaken Black's
position on the king side.} (16... Bc5 $5 17. Qh5+ g6 18. Qh6 Rd7 $1) 17. Qh5+
$1 {Correct idea. If Black finishes development with 0-0 he will be at least
OK.} g6 18. Qh3 $5 {White sets a simple but nice tactical trap which I have
completely overlooked.} ({White could physically prevent castling with} 18. Qh6
$5 Bf8 19. Qh4 (19. Qh3 $5) 19... Be7 20. Bh6 Kf7 $1 {This brave move is
possible since after} 21. Rxe5 $2 fxe5 {white Queen is also under attack.} 22.
Nxe5+ Ke8 23. Nxc6 Bxh4 24. Nxd8 Kxd8 $19) 18... O-O $2 {I have completely
blundered White's idea.} (18... h5 {was interesting with the idea to trade
Queens by means of Qc8 while immediate 18...Qc8 could be met by 19.Qh6} 19. Qg3
g5 {and after} 20. Bxg5 $1 Rg8 $1 21. Nxe5 $1 {unclear complications could
arise.}) 19. Nd4 $1 {[%cal Gd4e6]} exd4 $6 {This move doesn't look good, but I
didn't want to play an exchange down missing a possibility of 19...Qc4.} (19...
Qc4 $5 {After the game Erenburg pointed out on this move with the idea to meet
Ne6 with Rd3:} 20. b3 (20. Ne6 Rd3 $1 21. Be3 (21. b3 $5) 21... Rc8 {[%csl Re6]
and suddenly White's knight finds itself in the net.}) 20... Qa6 21. Ne6 Rd3 $1
{The point of previous play.} 22. Be3 Rf7 $8 (22... Rc8 $2 {is strongly met by}
23. Ng5 $1 {[%csl Rh7][%cal Gh3e6]} fxg5 24. Qe6+ {[%csl Re7,Rg8]} Kf8 25. Qxe5
$1 {[%csl Re7,Rf8][%cal Ge5h8,Ge3b6] and black is in trouble.}) 23. Nc7 {
It's hard to believe that Black can survive here. Although it's not so easy to
prove that White's winning:} Qa5 {Risky, but possible move.} (23... Qa3) 24.
Bxb6 {[%csl Ra5,Rd3]} Qxc3 $1 25. Qc8+ Rd8 $1 26. Qxb7 axb6 27. Rec1 (27. Nd5
Qc5 28. Red1 Bf8) 27... Qa5 28. Ne6 Bf8 {and Black is still fighting. For
example} 29. Qxf7+ (29. Rc7 Qxa2 $1) 29... Kxf7 30. Nxd8+ Ke8) 20. Rxe7 h5 $8
21. Qg3 ({Simplier was} 21. Qd3 f5 $8 22. cxd4 {winning a pawn.} Rfe8 (22...
Nd5 $143 23. Re5 $1 Rfe8 $140 24. Bg5 $1) 23. Bg5 Rxe7 (23... Nd5 24. Re5 $1)
24. Bxe7 Rd7 $16 {[%cal Gb6d5]} (24... Re8 $5)) 21... f5 $8 22. Qe5 {[%cal
Ge5g7,Ge7e6] White decides to take use of an open position of my king which,
in fact, seems to be the most logical decision. However 22. Bh6! transposing
to a better endgame deserved a serious attention.} ({Again White could win a
pawn:} 22. Bh6 $1 Rf7 $8 23. Rxf7 Kxf7 24. cxd4 $1 Qd6 $1 (24... Rxd4 25. Qb8
$1 {[%cal Gb8f8]} Nc8 26. Qe5 $1 $16 {[%cal Ge5g7]}) 25. Qxd6 Rxd6 26. Rd1 $16)
22... Rf7 $1 {This move is based on exact calculation.} ({During the game I
thought that this move leads to an endgame where black is a pawn down, however
black has an interesting intermediate move at his disposal.} 22... Qf6 23. Qxf6
Rxf6 24. Bg5 Rfd6 25. Rxb7 dxc3 $5 {Interesting exchange sacrifice.} ({after} 
25... R8d7 26. Rxd7 Rxd7 27. cxd4 Rxd4 $16 {White is a pawn up.}) 26. Bxd8 cxb2
27. Rb1 Rxd8 {and despite a strong} 28. g4 $1 $16 {black still has chances for
escape.}) 23. Re6 $5 {It wasn't easy for Sergey to put aside this move which
seems to win at once.} ({However also after} 23. Rxf7 Kxf7 24. Bg5 Qd6 $1 (
24... Re8 25. Qxd4) 25. Qa5 Rd7 {Black seems to survive.}) 23... dxc3 $3 {
Black's defense is based on the Nc4-move. However before playing Nc4 Black can
take a pawn with a tempo thanks to a weakness of the first rank.} ({Probably
immediate} 23... Nc4 {also doesn't lose, but the move in the game seems to be
better.} 24. Qe1 Rd6 25. Re8+ Kh7 26. Bf4 (26. Re7 Kg8 $1 27. Rxf7 Kxf7 28. b3
Ne5 $1 {[%csl Rg1]}) 26... Rd5 27. Re7 Rd7 28. Rxf7+ Rxf7 29. cxd4 Nxb2 $14)
24. Bg5 c2 $2 {[%csl Rg1][%cal Gd8d1] Another intermediate move based again on
the weakness of the last rank, but this time it doesn't work because of a
quite move of the White's b-pawn!} (24... Nc4 $8 {was necessary this time.} 25.
Qxc3 (25. Qe1 {leads to a draw almost by force.} Rd6 $8 (25... cxb2 $2 26. Rxc6
bxa1=Q 27. Rxg6+ Rg7 28. Qxa1 Rxg6 29. Bxd8 $18) 26. Re8+ (26. Rxd6 Nxd6 {
[%cal Gd6e4]}) 26... Kh7 27. b3 (27. bxc3 $5 Rfd7 $1) 27... c2 $1 {[%cal Gd6d1]
} 28. Re7 $1 Rxe7 $1 29. Qxe7+ Kg8 30. Re1 Nb6 31. Bh6 Qd7 $1 32. Qf8+ Kh7 33.
Re7+ Qxe7 34. Qxe7+ Kxh6 35. Qf8+ Kh7 $11) 25... Qxe6 26. Bxd8 $14 {[%csl Rg8]
and White is slightly better since Black's king is exposed.}) 25. Rf1 $2 {
White misses a nice winning idea.} ({The rook had to come into play.} 25. Re1
$1 Nc4 $1 26. Qe2 $1 {One of the key-moves!} (26. Qc3 Qxe6 27. Rxe6 (27. Bxd8
Qd5 $1) 27... Rd1+ 28. Re1 f4 $3 {[%cal Gc4d2,Gc2c1] Fantastic move! Suddenly
White can't stop Black's c-pawn.}) 26... Rd6 27. Re8+ Kh7 28. b3 $3 {[%csl Ge5]
The point of all previous play. Black loses the knight since it can't move in
view of Qe5. For example:} Nb6 (28... Ne3 29. Qxe3 Rd1 30. Qe5 $1 Rxe1+ 31.
Qxe1) 29. Qe5 Rg7 30. Qxg7+ $1 Kxg7 31. R1e7# {It could be a very nice end of
this interesting game.}) 25... Nc4 $1 {Finally. Now an arising endgame is
almost equal.} 26. Rxc6 (26. Qe2 {leads to a forced draw:} Rd6 27. Rxd6 Nxd6
28. Rc1 Rc7 29. Bf4 Rc8 30. Bxd6 Qxd6 31. Rxc2 Rxc2 32. Qxc2 $11) 26... Nxe5
27. Rxc2 Rd5 $11 28. Bd2 $1 {[%cal Gd2c3]} Nc6 (28... Rfd7 $5 29. Bc3 Nd3) 29.
Re1 Rfd7 30. Bc3 Kf7 (30... Nd4 31. Rcc1) 31. Kf1 Nd4 $6 {This move only helps
White to trade a pair of rooks.} (31... g5 $5) 32. Rd2 Nb5 (32... Ne6 $5) 33.
Rxd5 Rxd5 34. Bb4 Rd7 (34... Rd4 $5 35. a3 Rd7) (34... b6 {[%cal Gd5d4,Ga7a5]
was also possible.}) 35. Rc1 $1 Ke6 36. Ke1 {[%cal Gc1c8]} 1/2-1/2

[Event "Andorra op 19th"]
[Site "Andorra"]
[Date "2001.07.03"]
[Round "4"]
[White "Rasmussen, Karsten"]
[Black "Milov, Vadim"]
[Result "0-1"]
[WhiteElo "2415"]
[BlackElo "2614"]
[Annotator "Milov,V"]
[PlyCount "74"]
[EventDate "2001.06.30"]
[EventType "swiss"]
[EventRounds "9"]
[EventCountry "AND"]
[SourceTitle "CBM 083 Extra"]
[Source "ChessBase"]
[SourceDate "2001.09.11"]
[SourceVersion "1"]
[SourceVersionDate "2001.09.11"]
[SourceQuality "1"]

1. e4 c5 2. Nf3 Nc6 3. c3 Nf6 4. e5 Nd5 5. d4 cxd4 6. Bc4 e6 7. cxd4 d6 8. O-O
Be7 9. Qe2 O-O 10. Qe4 Qc7 11. exd6 $5 (11. Bd3) 11... Bxd6 (11... Qxd6 12. Nc3
Rd8 13. Rd1 b6 14. Bd3 g6 15. Bg5 $36 {Jonkman-Milov,Andorra,2001}) 12. Nc3
Nxc3 13. bxc3 Ne7 14. Bd3 Ng6 15. h4 $5 (15. c4 Bd7 $13) 15... Qxc3 16. h5 f5 (
16... Qxa1 17. hxg6 fxg6 (17... hxg6 $2 18. Qh4 $40) 18. Ba3 Qxf1+ 19. Bxf1
Bxa3 20. Bc4 $13) 17. Qe2 Nf4 (17... Qxa1 18. hxg6 Qc3 19. gxh7+ Kh8 20. Bc4 (
20. Nh4 Kxh7 21. Qh5+ Kg8 22. Ng6 Qxd3 23. Qh8+ Kf7 24. Qxf8+ Bxf8 25. Ne5+ Kg8
26. Nxd3 Bd7 $17) 20... Bd7 21. Bxe6 Rae8 22. d5 $44) (17... Nh4 $5 18. Nxh4
Qxa1 $13) 18. Bxf4 Bxf4 19. Bc4 Kh8 (19... Re8 $6 20. g3 (20. d5 e5) 20... Bd6
(20... Bh6 21. d5 $36) 21. Rac1 Qa5 22. Ng5 $13) 20. Rfe1 $6 (20. Bxe6 Bxe6 21.
Qxe6 Rae8 22. Qd7 Qc7 23. Qxc7 Bxc7 $11) 20... Bd7 21. Bxe6 Be8 $1 (21... Rae8
22. d5 $14) 22. Nh4 $2 (22. Bxf5 Bxh5 23. Qe4 Bxf3 (23... g6 $5 24. Be6 Bxf3
25. gxf3 Rad8 $15) 24. Qxf4 Bxg2 $1 25. Kxg2 Qc6+ 26. d5 Qf6 $15) 22... Qxd4
23. Nxf5 Qf6 $17 {><Be6,Nf5} 24. g3 (24. Rad1 Bc6 25. Qg4 Bc7 $17) 24... Bc7
25. Rad1 Bc6 (25... Ba5 $142 $1 26. Rf1 Bc6 $17 {/\Rae8}) 26. Bd7 $1 (26. Qe3
Rae8) 26... Ba5 $1 (26... Bxd7 27. Rxd7 Ba5 28. Red1 $1 (28. h6 gxh6 29. Qe7
Qxe7 30. Rexe7 Rxf5 31. Rxh7+ Kg8 32. Rdg7+ Kf8 33. Rxb7 Bc3 34. Rxh6 Bd4 $17)
28... Qxf5 29. R7d5 Qxf2+ 30. Qxf2 Bb6 31. Qxb6 axb6 32. R1d2 Ra3 33. Kg2 $11)
27. h6 $1 (27. Rd6 Qc3 $19) 27... gxh6 (27... g6 $2 28. Rd6 Qc3 29. Red1 $1
gxf5 (29... Bxd7 30. Rxd7 gxf5 $140 $4 31. Qe7) (29... Rxf5 30. Bxf5 gxf5 31.
Qe7 Rg8 32. R6d3 $1 Qb2 33. Rb3 $18) 30. R6d3 Qf6 (30... Rae8 31. Bxe8 Rxe8 32.
Qxe8+ Bxe8 33. Rxc3 Bxc3 34. Rd8 $18) 31. Rd6 Qc3 $11) 28. Rd6 Qc3 29. Red1 $2
(29. Rb1 Bf3 30. Qe3 (30. Qe7 Bb4 31. Rd3 Bxe7 32. Rxc3 Be4 $19) 30... Qxe3 31.
Nxe3 Rad8 $17) (29. Rf1 $142 Bf3 (29... Bxd7 $2 30. Rxd7 Rxf5 $2 31. Qe7) 30.
Qe7 (30. Qb5 a6 31. Qb1 Qe5 $17) 30... Bb4 31. Rd3 Bxe7 32. Rxc3 Rad8 33. Rxf3
(33. Be6 Bg4 $17) 33... Rxd7 $17) 29... Bf3 $19 30. Qb5 (30. Qe7 Bb4 $19 (30...
Bxd1 $5 31. Rxd1 Bb6 $19)) 30... Bxd1 (30... a6 $5 31. Qb1 Bxd1 $19) 31. Rxd1
Bb6 32. Kg2 Rf6 33. Rd3 Qc2 34. Rf3 Raf8 (34... Qe4 35. Qb3 Raf8 36. Qc3 Qd5
37. Ba4 Bc7 $19) 35. Qe5 Qc5 $6 (35... Qc7 $142 36. Qxc7 (36. Qd5 Rd8 $19) (36.
Qe7 R6f7 $19) 36... Bxc7 $19) 36. Qb2 (36. Qe4 $142 Qc7 (36... Bc7 37. Qxb7)
37. Ba4 Bc5 $17) 36... Qd5 37. Ba4 Bc7 0-1

[Event "Rzeszow 16th"]
[Site "Rzeszow"]
[Date "1984.10.09"]
[Round "9"]
[White "Danek, Libor"]
[Black "Moehring, Guenther"]
[Result "1/2-1/2"]
[WhiteElo "2330"]
[BlackElo "2395"]
[Annotator "Moehring,G"]
[PlyCount "57"]
[EventDate "1984.10.01"]
[EventType "tourn"]
[EventRounds "11"]
[EventCountry "POL"]
[EventCategory "4"]
[SourceTitle "EXT 2015"]
[Source "ChessBase"]
[SourceDate "2014.11.20"]
[SourceVersion "1"]
[SourceVersionDate "2014.11.20"]
[SourceQuality "1"]

1. e4 c5 2. Nf3 e6 3. c3 Nf6 4. e5 Nd5 5. d4 cxd4 6. cxd4 d6 7. a3 Bd7 8. Bd3
Bc6 9. O-O Nd7 10. Re1 {R} Be7 11. Nbd2 dxe5 12. dxe5 Nc5 13. Bc2 Nf4 14. Nb3
Qxd1 15. Rxd1 Nxb3 16. Bxb3 Ng6 17. Re1 Bxf3 (17... Rd8 $5) 18. gxf3 O-O 19. f4
Nh4 20. Rd1 Nf5 21. Be3 Nxe3 22. fxe3 Bc5 23. Kf2 Rfd8 24. Rxd8+ Rxd8 25. Rd1
Rxd1 26. Bxd1 a5 27. a4 Kf8 28. Bf3 b6 29. Bc6 {1:29-2:08} 1/2-1/2

[Event "EU-ch 18th"]
[Site "Minsk"]
[Date "2017.05.30"]
[Round "1"]
[White "Kharchenko, Boris"]
[Black "Navara, David"]
[Result "1/2-1/2"]
[WhiteElo "2468"]
[BlackElo "2739"]
[Annotator "Moradiabadi,E"]
[PlyCount "120"]
[EventDate "2017.05.30"]
[EventType "swiss"]
[EventRounds "11"]
[EventCountry "BLR"]
[SourceTitle "CBM 179"]
[Source "ChessBase"]
[SourceDate "2017.07.12"]
[SourceVersion "1"]
[SourceVersionDate "2017.07.12"]
[SourceQuality "1"]

1. e4 c5 2. c3 Nf6 3. e5 Nd5 4. d4 cxd4 5. Nf3 Nc6 6. Bc4 Nb6 7. Bb3 d5 8. exd6
Qxd6 9. O-O Be6 10. Bxe6 Qxe6 11. Nxd4 Nxd4 12. Qxd4 Rd8 13. Qh4 Qe2 14. Bd2 e6
15. Re1 Qb5 16. b3 Qf5 17. Qg5 Qxg5 18. Bxg5 Be7 19. Bxe7 Kxe7 20. c4 Rd3 21.
Kf1 Rhd8 22. Ke2 R8d4 23. Rc1 Nd7 24. Nc3 Rd2+ 25. Ke1 Rb2 26. Na4 Re4+ 27. Kf1
Rd2 28. Nc3 Red4 29. Ke1 R4d3 30. Rd1 Rxd1+ 31. Nxd1 Nc5 32. Ke2 a5 33. Rc1 f5
34. Nc3 b6 35. g3 g5 36. Na4 Rd6 37. Nc3 Rd3 38. Na4 Rd8 39. Nc3 h5 40. Rb1 h4
41. a3 Rd3 42. Rc1 f4 43. gxf4 {After a long battle, David Navara has got a
winning position thanks to his superior rook and knight. He was one move away
from victory but he spoiled his chances by his next move. Can you find the win
for him?} gxf4 $2 {This throws away the immediate victory.} (43... Rh3 $1 {
now Black is threatening ...Nxb3} 44. Na4 (44. b4 $2 Nb3 {and Rc2 loses due to
the check on d4.}) (44. Rc2 Nxb3 {and check on d4 is still deadly!}) 44... Nd3
{and after grabbing the pawn on f4 with check one of the pawns on b3 or h2
will fall.}) 44. b4 f3+ 45. Ke1 Nb3 46. Rc2 Rd4 47. Nb5 Rg4 48. Kf1 {Navara
has played superbly and got a winning position again.} Rxc4 $4 {Too hasty!} (
48... axb4 49. axb4 e5 {and White is completely tied down. Black would
gradually improve his position while ...Rxc4 is still a threat.} 50. h3 Rxc4
51. Rxc4 Nd2+ 52. Ke1 Nxc4) 49. Rxc4 Nd2+ 50. Ke1 Nxc4 51. bxa5 bxa5 52. Nd4 $1
{White's king is close enough to the a-pawn so White tries to eliminate as
many of Black's pawns as possible.} Ne5 53. Nb3 $2 {This gives an excellent
chance.} h3 $2 {But Navara once again returns the favour. The rest is easy now!
} (53... a4 {and White can hold only by a miracle:} 54. Nc5 h3 55. Nxa4 $1 (55.
Kf1 $2 Nc4 56. Nxa4 Nxa3 {with a winning knight endgame.} 57. Nc5 Kf6 58. Ne4+
Kf5 59. Nd6+ Kf4) 55... Ng4 56. Kf1 Nxh2+ 57. Kg1 Ng4 58. Nc3 Nxf2 59. Kh2 $1)
54. Nxa5 Ng4 55. Kf1 Nxh2+ 56. Kg1 Nf1 57. Nc4 Kd8 58. Ne5 Nd2 59. Kh2 Ne4 60.
Nxf3 Nxf2 {A great save for Kharchenko!} 1/2-1/2